000 01006cam a22003011 4500
001 6308
003 BD-RjUL
005 20211208234224.0
008 140109s1961 nyu b 000 0 eng
035 _a(BD-RjUL)6348
035 _a(OCoLC)264117
040 _aDLC
_cODaWU
_dOCoLC
_dDLC
_dBD-RjUL
_beng
041 _aeng
082 0 0 _a362.2
_bMEN 1961
111 2 _aNational Conference on Social Welfare.
_919864
245 1 0 _aMental health and social welfare /
_cby Robert H. Felix [and others]
260 _aNew York :
_bColumbia University Press,
_c1961.
300 _axii, 203 p. ;
_c21 cm.
500 _aPapers presented at the 1960 annual forum of the National Conference on Social Welfare.
504 _aIncludes bibliography.
650 0 _aPsychiatric social work.
_918517
650 0 _aMental illness.
_919852
650 0 _aPublic welfare.
_919853
700 1 _aFelix, Robert H. [and others]
_q(Robert Hanna),
_d1904-
_919854
942 _2ddc
_cBK
999 _c6308
_d6308